Skoki narciarskie - liderzy PŚ 2019/2020 - Statystyki

Ogólne statystyki
  • Ten quiz został rozwiązany 85 razy
  • Średni wynik to 5 z 6
Statystyki odpowiedzi
Konkursy Odpowiedź % Poprawnych
17-koniec Stefan Kraft
97%
12-16 Karl Geiger
82%
6 Stefan Kraft
79%
7-11 Ryoyu Kobayashi
78%
1-4 Daniel Andre Tande
75%
5 Ryoyu Kobayashi
74%
Nie znaleziono quizów pasujących do podanych kryteriów
Rozkład punktacji
Procent ludzi z każdym wynikiem
Percentyl według liczby udzielonych odpowiedzi
Twoja historia wyników
Nie rozwiązałeś tego quizu